NFL First Overall Draft Picks - Sudden Death - Statistics

General Stats
  • This quiz has been taken 12,850 times
    10,988 since last reset
  • The average score is 12 of 21
Answers on the Grid
Answers color-coded by a green-red scale on the quiz's grid according to % correct below.
Troy Aikman
Terry Bradshaw
Tom Brady
Joe Burrow
Jadeveon Clowney
John Elway
Sauce Gardner
Myles Garrett
Jared Goff
Bo Jackson
Keyshawn Johnson
Calvin Johnson
Travis Kelce
Trevor Lawrence
Ray Lewis
Jake Long
Andrew Luck
Patrick Mahomes
Eli Manning
Peyton Manning
Johnny Manziel
Baker Mayfield
Orlando Pace
Brock Purdy
Jerry Rice
Aaron Rodgers
Deion Sanders
Shedeur Sanders
O. J. Simpson
Bruce Smith
Matthew Stafford
Lawrence Taylor
Joe Thomas
Travon Walker
Reggie White
Caleb Williams
 
Answer Stats
Answer % Correct
Joe Burrow
81%
Trevor Lawrence
73%
Baker Mayfield
71%
Caleb Williams
71%
Peyton Manning
70%
Andrew Luck
69%
Jared Goff
69%
Myles Garrett
67%
Matthew Stafford
66%
Eli Manning
61%
John Elway
60%
Troy Aikman
59%
Jadeveon Clowney
57%
O. J. Simpson
53%
Terry Bradshaw
53%
Travon Walker
48%
Bo Jackson
46%
Jake Long
36%
Orlando Pace
36%
Keyshawn Johnson
35%
Bruce Smith
33%
No matching quizzes found
Score Distribution
Percent of People with Each Score
Percentile by Number Answered
Your Score History
You have not taken this quiz since the last reset